000 00542nam a2200181Ia 4500
999 _c7994
_d7994
003 OSt
005 20200114124009.0
008 190216s9999||||xx |||||||||||||| ||und||
020 _a9788174466396
040 _coclc
082 _a659.1
_bKAZ/A
100 _aKazmi S H H
_91181
245 0 _aAdvertising & Sales Promotion /
_cS H H Kazmi ; Satish K Batra
260 _bExcel Books,
_c2013.
_aNew Delhi :
300 _a660p
650 _xAdvertising and public relations
942 _cBK
_2ddc
_h659.1
_iKAZ/A
_k659.1
_mKAZ/A